000 00956nam a22002897a 4500
001 00260
003 DO-SdBNP
005 20230517105915.0
008 151203b 1981 sp xxu||||| |||| 00| 0 spa d
020 _a8433584235
040 _aBPMSU
_bspa
_cBPMSU
082 4 _a861.5
_bM142y 1986
_222
100 1 _aMachado, Antonio,
_d1875-1939.
245 1 0 _aYo voy soñando caminos /
_cAntonio Machado ; ilustraciones de Jordi Vives.
250 _a3a ed.
260 _aBarcelona :
_bEditorial Labor,
_c1986
300 _a91 p. :
_bil. ;
_c19 cm.
490 0 _aLabor bolsillo juvenil,
_v23
501 _aIncluye datos biográficos del autor en la solapa de la contracubierta.
590 _aInventariado, 2023/VM
650 4 _aPoesía española
650 4 _a Ciudades y pueblos
_vPoesías Viajes
650 4 _aLiteratura epañola
700 1 _aVives, Jordi,
_eil.
910 _aLPérez/ VMateo V. Control de calidad (BPMSU)
942 _2ddc
_cBK
999 _c8999
_d8999